Novodobá pec na praženie práškového kýzu v letu podľa Nichols Freemana

Bibliographic Details
Main Author: Gregor, Mikuláš, 1902-1979 (Author)
Format: Article
Language:Slovak

MARC

LEADER 00000nab a2200000uu 4500
001 vtls010879300
003 SK-MaSNL
005 20260305044415.0
008 230303|1947 xo |||||||||||||||||slo|
015 |a SNBRB 
035 |a (urnnbn)urn:nbn:sk:snk:ar-005vy1 
035 |a (uuid)2fc3c112-49f1-4127-af53-202e5614df1b 
035 |a urn:nbn:sk:snk-ab7nah 
040 |a SNKBUCL  |b slo  |c SNKBUCL  |e AACR2 
041 0 |a slo 
044 |a xo  |c SK 
100 1 |a Gregor, Mikuláš,  |d 1902-1979  |4 aut  |9 38395 
245 1 0 |a Novodobá pec na praženie práškového kýzu v letu podľa Nichols Freemana  |c M. Gregor 
773 0 |t Chemické zvesti  |g Roč. 1, č. 4 (1947), s. 114-126 
954 |a odborná, vedecká literatúra pôvodná (slovenská)  |2 lita 
958 |a EUIPO 
958 |a OND 
958 |a article8 
999 |c 3358513  |d 3360443